书目信息 |
| 题名: |
电视与审美
|
|
| 作者: | 金丹元 著 | |
| 分册: | ||
| 出版信息: | 上海 学林出版社 2005 |
|
| 页数: | 427页 | |
| 开本: | 23cm | |
| 丛书名: | 电视新视角丛书 | |
| 单 册: | ||
| 中图分类: | J901 | |
| 科图分类: | ||
| 主题词: | 电视剧--艺术美学--研究 | |
| 电子资源: | ||
| ISBN: | 7-80668-909-5 | |
| 000 | 01279nam0 2200337 450 | |
| 000 | 01242nam0 2200325 450 | |
| 000 | 01240nam0 2200337 450 | |
| 000 | 01186nam0 2200313 450 | |
| 000 | 01204nam0 2200301 450 | |
| 000 | 01167nam0 2200289 45 | |
| 001 | TS2006042758 | |
| 005 | 20061217091838.46 | |
| 010 | @a7-80668-909-5@dCNY35.00 | |
| 100 | @a20060829d2005 em y0chiy0110 ea | |
| 101 | 0 | @achi |
| 102 | @aCN@b310000 | |
| 105 | @ay z 000yy | |
| 200 | 1 | @a电视与审美@Adian shi yu shen mei@e电视审美文化新论@EDian Shi Shen Mei Wen Hua Xin Lun@f金丹元著@FJin Dan Yuan Zhu |
| 210 | @a上海@c学林出版社@d2005 | |
| 215 | @a427页@d23cm | |
| 225 | 2 | @a电视新视角丛书 |
| 330 | @a本书从对审美文化的界定起笔,分别论述了当代电视文化形态的审美特征、全球化语境下电视审美文化的功能与文化观,接着分门别类的讨论了电视审美与意识形态的关系、大众文化与审美消费、电视中的身体文化与狂欢等。 | |
| 410 | 0 | @12001 @a电视新视角丛书 |
| 517 | 1 | @a电视审美文化新论@Adian shi shen mei wen hua xin lun |
| 606 | 0 | @a电视剧@x艺术美学@y研究 |
| 690 | @aJ901@v4 | |
| 701 | 0 | @a金丹元@Ajin dan yuan@4著 |
| 801 | 0 | @aCN@b中图数据@c20061217 |
| 905 | @a10447@dJ901@e171 | |
| 电视与审美:电视审美文化新论/金丹元著.-上海:学林出版社,2005 |
| 427页;23cm.-(电视新视角丛书) |
| ISBN 7-80668-909-5:CNY35.00 |
| 本书从对审美文化的界定起笔,分别论述了当代电视文化形态的审美特征、全球化语境下电视审美文化的功能与文化观,接着分门别类的讨论了电视审美与意识形态的关系、大众文化与审美消费、电视中的身体文化与狂欢等。 |
| ● |
| 相关链接 |
|
|
|
|
正题名:电视与审美
索取号:J901/171
 
预约/预借
| 序号 | 登录号 | 条形码 | 馆藏地/架位号 | 状态 | 备注 |
| 1 | 0603358 | 206033585 | 第一样本阅览室/ [索取号:J901/171] | 在馆 | |
| 2 | 0603359 | 206033594 | 第一借阅区/ [索取号:J901/171] | 在馆 | |
| 3 | 0603360 | 206033601 | 第一借阅区/ [索取号:J901/171] | 在馆 | |
| 4 | 0603361 | 206033610 | 第一借阅区/ [索取号:J901/171] | 在馆 | |
| 5 | 0603362 | 206033629 | 第一借阅区/ [索取号:J901/171] | 在馆 |